| 000 -LEADER |
| fixed length control field |
01510nam a22001817a 4500 |
| 008 - FIXED-LENGTH DATA ELEMENTS--GENERAL INFORMATION |
| fixed length control field |
190802b ||||| |||| 00| 0 eng d |
| 100 ## - MAIN ENTRY--PERSONAL NAME |
| Personal name |
Andreadis, Ioannis |
| 245 ## - TITLE STATEMENT |
| Title |
Dynamics of polarization in the Greek case |
| 260 ## - PUBLICATION, DISTRIBUTION, ETC. (IMPRINT) |
| Date of publication, distribution, etc |
2019 |
| 300 ## - PHYSICAL DESCRIPTION |
| Extent |
p.157-172. |
| 520 ## - SUMMARY, ETC. |
| Summary, etc |
This article focuses on the dynamics of polarization emerging within Greek political culture in the postauthoritarian setting. Following a brief historical framing, we trace Left–Right polarization between the two major parties of the period: Panhellenic Socialist Movement (PASOK) and New Democracy (ND). The party-based polarization of PASOK/ND was arguably the main axis of political antagonism in Greece from the 1970s until the end of the 2000s. By 2009, polarization had ebbed due to an ideological convergence of the two parties toward the center, but the onset of the 2009 economic crisis dislocated the established two-party system and facilitated the emergence of a new political landscape comprising many new political actors, most notably the Coalition of the Radical Left, SYRIZA. Using a predominantly quantitative methodology, we focus on a set of dimensions of polarization brought forward or re-activated within the context of economic crisis. - Reproduced. |
| 650 ## - SUBJECT ADDED ENTRY--TOPICAL TERM |
| Topical term or geographic name as entry element |
Polarisation |
| 9 (RLIN) |
7652 |
| 650 ## - SUBJECT ADDED ENTRY--TOPICAL TERM |
| Topical term or geographic name as entry element |
Populism |
| 9 (RLIN) |
7653 |
| 700 ## - ADDED ENTRY--PERSONAL NAME |
| Personal name |
Stavrakakis, Yannis |
| 9 (RLIN) |
7654 |
| 773 ## - HOST ITEM ENTRY |
| Main entry heading |
The Annals of the American Academy of Political and Social Science |
| 906 ## - LOCAL DATA ELEMENT F, LDF (RLIN) |
| Subject DIP |
Greece - Politics and government |
| 942 ## - ADDED ENTRY ELEMENTS (KOHA) |
| Item type |
Articles |